• 首页
  • 本馆介绍
  • 公告通知
  • 最新文献
  • 馆藏检索
  • 电子资源
  • 读者导购
  • 参考咨询
  • 我的图书馆
  • 登录
  • 详细信息显示
  • 放入我的书架
  • 预约/预借图书
  • 作者相关作品
  • 分类相关作品
  • 丛书相关作品
  • 出版社相关作品

书目信息

  • 表格格式
  • 工作单格式
  • 卡片格式
题名:
电力系统工程
    
 
作者: 大泽靖治 编著 ;张建华 译
分册:  
出版信息: 北京   科学出版社  2003.02
页数: 118页
开本: 24cm
丛书名: OHM大学理工系列
单 册:
中图分类: TM71
科图分类:
主题词: 输电理论 , 输电--电力工程--分析 , 配电系统--电力工程--理论 , 配电系统--电力工程--分析 , 电力系统--理论 , 电力系统--分析
电子资源:
ISBN: 7-03-010876-0
000 00879nam0 2200289 450
001 0432270706
005 20040412085750.15
010    @a7-03-010876-0@dCNY16.50
100    @a20040412d2003 km y0chiy0120 ea
101 0  @achi
102    @aCN@b110000
200 1  @a电力系统工程@Adian li xi tong gong cheng@f(日)大泽靖治编著@F(ri)da ze jing zhi bian zhu@g张建华译@Gzhang jian hua yi
210    @a北京@c科学出版社@d2003.02
215    @a118页@d24cm
225 2  @aOHM大学理工系列
410  0 @12001 @aOHM大学理工系列
606 0  @a输电理论
606 0  @a输电@x电力工程@x分析
606 0  @a配电系统@x电力工程@x理论
606 0  @a配电系统@x电力工程@x分析
606 0  @a电力系统@x理论
606 0  @a电力系统@x分析
690    @aTM71@v4
701  0 @a大泽靖治@Ada ze jing zhi@4编著
702  0 @a张建华@Azhang jian hua@4译
801  0 @aCN@bPFT@c20040412
905    @aBZT@dTM71@e1@f5
    
    电力系统工程/(日)大泽靖治编著/张建华译.-北京:科学出版社,2003.02
    118页;24cm.-(OHM大学理工系列)
    
    
    ISBN 7-03-010876-0:CNY16.50
    
●
相关链接 在五车中查询图书 在当当中查询图书 在豆瓣中查询图书


正题名:电力系统工程     索取号:TM71/1         预约/预借

序号 登录号 条形码 馆藏地/架位号 状态 备注
1 2001740711   2001740711   样本书库/样005架A面2层1列/ [索取号:TM71/1] 在馆    
2 362578   230076441   中心书库中库/ 中库029架A面3列2层28/ [索取号:TM71/1] 在馆    
3 362579   230076449   中心书库中库/ 中库029架A面3列2层29/ [索取号:TM71/1] 在馆    
4 362580   230076445   中心书库中库/ 中库029架A面3列2层30/ [索取号:TM71/1] 在馆    
5 362581   230076447   中心书库中库/ 中库029架A面3列2层31/ [索取号:TM71/1] 在馆    
山东省滨州职业学院图书馆 欢迎您!
大连网信软件有限公司© 版权所有